00851nam a22002177a 4500003000400000005001700004008004100021017004500062020001800107040002300125100002200148245009600170260004500266300003300311500005000344600002900394650005800423650006000481650005500541700003700596OSt20161122165752.0161122s2016 spca||| |||| 0|0 0aspa|d aDL B 19069-2016bBiblioteca de Catalunya a9788416213887 aES-BaBCbcatcCDMR1 aFinnegan, William10aAños salvajes b: mi vida y el surf /cWilliam Finnegan ; traducción de Eduardo Jordá aBarcelona :bLibros del Asteroide,c2016 a593 p. :bil., fot. ;c22 cm aTít. orig.: Barbarian days : a surfing life17aFinnegan, William2lemac 7aSurfisteszEstats Units d'AmèricaxBiografia2lemac 7aPeriodisteszEstats Units d'AmèricaxBiografia2lemac 7aEscriptors nord-americansyS. XXxBiografia2lemac1 aJordá, Eduardo,d1956-,etrad.